LEADER 01606nam 2200349Ia 450 001 996387608003316 005 20221108024054.0 035 $a(CKB)4940000000087359 035 $a(EEBO)2240877525 035 $a(OCoLC)52614987 035 $a(EXLCZ)994940000000087359 100 $a20030715d1680 uy 0 101 0 $aeng 135 $aurbn||||a|bb| 200 10$aMiscellanea$b[electronic resource] $eI. A survey of the constitutions and interests of the Empire, Sueden, Denmark, Spain, Holland, France, and Flanders; with their relation to England, in the year 1671. II. An essay upon the original and nature of government. III. An essay upon the advancement of trade in Ireland. IV. Upon the conjecture of affairs in Octob. 1673. V. Upon the excesses of grief. VI. An essay upon the cure of the gout by Moxa. /$fBy a person of honour 210 $aLondon, $cPrinted by A.M and R.R. for Edw. Gellibrand ...$d1680 215 $a[8], 238 p 300 $a"A person of honour" = William Temple. Cf. Halkett & Laing (2nd ed.). 300 $aSecond copy on reel through p. 21 only. 300 $aReproduction of original in: National Library of Scotland. 330 $aeebo-0097 606 $aWorld politics$vEarly works to 1800 607 $aEurope$xPolitics and government$y1648-1715$vEarly works to 1800 607 $aEurope$xHistory$y1648-1715$vEarly works to 1800 615 0$aWorld politics 700 $aTemple$b William$cSir,$f1628-1699.$0329275 801 0$bEAE 801 1$bEAE 906 $aBOOK 912 $a996387608003316 996 $aMiscellanea$92297807 997 $aUNISA LEADER 01868oam 2200517M 450 001 9910715453303321 005 20191116082329.7 035 $a(CKB)5470000002511511 035 $a(OCoLC)1065547268 035 $a(OCoLC)995470000002511511 035 $a(EXLCZ)995470000002511511 100 $a20070221d1828 ua 0 101 0 $aeng 135 $aurcn||||||||| 181 $ctxt$2rdacontent 182 $cc$2rdamedia 183 $acr$2rdacarrier 200 10$aBaltimore Chamber of Commerce. Memorial of the Chamber of Commerce of the City of Baltimore. January 22, 1828. Referred to the Committee on Manufactures 210 1$a[Washington, D.C.] :$c[publisher not identified],$d1828. 215 $a1 online resource (3 pages) 225 1 $aHouse document / 20th Congress, 1st session. House ;$vno. 82 225 1 $a[United States congressional serial set ] ;$v[serial no. 171] 300 $aBatch processed record: Metadata reviewed, not verified. Some fields updated by batch processes. 300 $aFDLP item number not assigned. 606 $aForeign trade promotion 606 $aForeign trade and employment 606 $aImports 606 $aProtectionism 606 $aTariff 606 $aWool fabrics 608 $aLegislative materials.$2lcgft 615 0$aForeign trade promotion. 615 0$aForeign trade and employment. 615 0$aImports. 615 0$aProtectionism. 615 0$aTariff. 615 0$aWool fabrics. 712 02$aChamber of Commerce of the City of Baltimore. 801 0$bWYU 801 1$bWYU 801 2$bOCLCQ 801 2$bOCLCO 906 $aBOOK 912 $a9910715453303321 996 $aBaltimore Chamber of Commerce. Memorial of the Chamber of Commerce of the City of Baltimore. January 22, 1828. Referred to the Committee on Manufactures$93275033 997 $aUNINA